Tuyển tập văn học dân gian Việt Nam. t.V, Truyện thơ - Sử thi
Đã lưu trong:
| Formáid: | Sách giấy |
|---|---|
| Teanga: | Vietnamese |
| Foilsithe: |
H. :
Giáo dục,
2001
|
| Eagrán: | Tái bản lần thứ nhất |
| Ábhair: | |
| Clibeanna: |
Cuir Clib Leis
Gan Chlibeanna, Bí ar an gcéad duine leis an taifead seo a chlibeáil!
|
| Thư viện lưu trữ: | Thư viện Trường Đại học Đà Lạt |
|---|
| LEADER | 00800nam a2200325 4500 | ||
|---|---|---|---|
| 001 | DLU050050194 | ||
| 005 | ##20051227 | ||
| 040 | # | # | |a DLU |b vie |
| 041 | # | # | |a vie |
| 044 | # | # | |a vn |
| 082 | # | # | |a 895.922 08 |b Tuy |
| 245 | # | # | |a Tuyển tập văn học dân gian Việt Nam. |n t.V, |p Truyện thơ - Sử thi |
| 250 | # | # | |a Tái bản lần thứ nhất |
| 260 | # | # | |a H. : |b Giáo dục, |c 2001 |
| 300 | # | # | |a 1107 tr. ; |c 24 cm |
| 653 | # | # | |a Sử thi |
| 653 | # | # | |a Truyện thơ |
| 653 | # | # | |a Tuyển tập văn học |
| 653 | # | # | |a Văn học dân gian |
| 923 | # | # | |a 60/2005 |
| 990 | # | # | |a t.V |
| 992 | # | # | |a 127.000 |
| 994 | # | # | |a DLU |
| 900 | # | # | |a True |
| 911 | # | # | |a Đào Thị Thu Huyền |
| 925 | # | # | |a G |
| 926 | # | # | |a A |
| 927 | # | # | |a SH |
| 980 | # | # | |a Thư viện Trường Đại học Đà Lạt |